| 000 | 00686nam a22002057a 4500 | ||
|---|---|---|---|
| 005 | 20250709143037.0 | ||
| 010 | _aENG-145895 | ||
| 020 |
_c395.00 _a9789395368773 |
||
| 035 | _aEN-129427 | ||
| 037 | _bDBAD | ||
| 082 | _a363.293 | ||
| 100 |
_aSahoo, Prabhudarsan _982848 |
||
| 245 |
_aAlcohol De-Addiction: _cPrabhudarsan Sahoo and Namita Mohanty _bA Journey Through Counselling |
||
| 250 | _a1 | ||
| 260 |
_aHyderabad _bNeelkamal Publications Pvt. Ltd. _c2024 |
||
| 270 |
_bHyderabad _aSultan Bazar, Koti, Hyderabad _e500001 _k040-24757140 _k+91 9811828953 |
||
| 300 |
_a192 p. _c24.1 cm(pb) |
||
| 700 |
_aMohanty, Namita _982838 |
||
| 942 |
_2ddc _cEN _h363.293 _mSAH |
||
| 999 |
_c212284 _d212284 |
||